Регионална библиотека "Любен Каравелов" - Русе

Клинична токсикология (Запис номер 35111)

MARC детайли
000 -Лидер
Контролно поле с фиксирана дължина 01791nam a2200349 a 4500
003 - Код на организацията, давaща контролен номер
Контролно поле BLK
005 - Дата и час на последна редакция
Контролно поле 20230803110419.0
008 - Елементи от данни с фиксирана дължина
fixed length control field 180408b bul|||||r ||||||| ||bul||
010 ## - Наследен системен номер
LC control number KNG00037829000
040 ## - Източник на каталожния запис
Идентификатор на билиотеката - собственик на записа BLK
041 ## - Код за език
Код за езика на текст/звукозапис или на отделно заглавие Български
Код за езика КДБФ Български
080 ## - УДК
Текстов определител УДК Токсикология. Отравяния. Учение за отровите. Общи въпроси. Отрови - органични, неорганични, растителни, животински. Вж и 615. 009. Противоотрови вж 615. 27
УДК код - определител по УДК 615.9
УДК - код + определител 615.9
080 ## - УДК
Текстов определител УДК Отравяния. Употребява се само като спец. определител
УДК код - определител по УДК 616-099
УДК - код + определител 616-099
100 ## - Редна дума - Автор
Автор Монов, Александър Петров
Дати, свързани с автора 1921-2013
R(LIN) 251090
139 ## - Редно поле
Редна дума Клинична токсикология
Авторски знак Клин - К 65
245 10 - Сведения за заглавието
Заглавие Клинична токсикология
Подзаглавни данни Ръководство
Редно поле (дума) Александър Монов и др. ; под ред. на Александър Монов.
257 ## - Страна на издаване
Страна на създаване/издаване България
260 ## - Област на издателските данни
Място на издаване, разпространение и проч. София
Име на издателя, разпространителя и проч. Медицина и физкултура
Година на издаване 1972
Печатница Пловдив : Д. Благоев
300 ## - Физическа характеристика
Страници 559 с.
Илюстрации и др. с ил., 6 л. ил.
Размери/Мащаб 22 см
380 ## - Жанр
Жанр Медицина
500 ## - Общи забележки
Забележка Други авт.: Веселин Петков, Лулчо Кръстанов, Сетка Андреева. - Библиогр. след всяка част. - 2 590 тир.
650 #4 - Допълнително описание по предмет – тема
Основно описание – тема или топоним Токсикология
9 (RLIN) 173744
653 ## - Ключова дума – ненормативна
Ключова дума ръководства
700 ## - Други автори (авторска отговорност)
Лично име Монов, Александър Петров
Дати, свързани с автора 1921-2013
9 (RLIN) 251090
852 ## - Местоположение
Форматна сигнатура Цб 64909
856 4# - Електронен адрес и достъп
Електронен формат pdf - файл
856 4# - Електронен адрес и достъп
Електронен формат pdf - файл
999 ## - СИСТЕМНИ КОНТРОЛНИ НОМЕРА
Koha biblionumber 35111
Koha biblioitemnumber 35111
942 ## - АРТИКУЛИ
Вид на библиотечния материал Книги
Скрит в OPAC Не
Koha issues (borrowed), all copies 1
Периодичен библиозапис Да
944 ## - СЪЗДАВАНЕ И РЕДАКЦИЯ на ЗАПИСА
Създаване/Редакция Създаване
Дата на регистрацията/редакция 04.01.2017
Служител, извършил регистрацията/редакцията 30556
Статус, дата на статуса Теодора Пейчева-Дянкова
944 ## - СЪЗДАВАНЕ И РЕДАКЦИЯ на ЗАПИСА
Създаване/Редакция Редакция
Дата на регистрацията/редакция 2022-07-22
Служител, извършил регистрацията/редакцията ир
999 ## - СИСТЕМНИ КОНТРОЛНИ НОМЕРА
Koha biblioitemnumber 35111
Наличности
Код за отписване Код за изгубен артикул Източник на класификационната схема Код за повреда Коз за рестрикции Код за отдаване Артикулен № Име на библиотеката - собственик Име на библиотеката, в която се намира в момента Статус (Текущо местоположение) Дата на вписване в системата Местоположение - отдел Цена в лева Инвентарен номер Систематично азбучна сигнатура Баркод Номер на екземпляра Цена в евро Служебна бележка Служебен тип на артикула
  Не е изгубен Universal Decimal Classification Не е повреден само за читалня ползва се в читалня 55555 Регионална библиотека "Любен Каравелов" Русе Регионална библиотека "Любен Каравелов" Русе Хранилище 1972-01-01 Хранилище 4.48 126150 Цб 64909 120000126150 1 2.29 N: стар фонд Дата: 01.01.1972 Книги
Изтеглен Не е изгубен Universal Decimal Classification Не е повреден без рестрикции заемане за дома 55556 Регионална библиотека "Любен Каравелов" Русе Регионална библиотека "Любен Каравелов" Русе Заемна - подръчен фонд 1972-01-01 Заемна - подръчен фонд 4.48 126718 П 615/К 65 126718 2 2.29 N: стар фонд Дата: 01.01.1972 Дата инв: 16.02.2018 Бележки инв: П2018 Книги
Изтеглен Не е изгубен   Не е повреден само за читалня Специални фондове ( старопечатни, редки и ценни, фонд М. Арнаудов) 55557 Регионална библиотека "Любен Каравелов" Русе Регионална библиотека "Любен Каравелов" Русе Отчислена 1972-01-01 Отчислена 0.00 126716 П 615/К 65 126716 3 0.00 N: стар фонд Дата: 01.01.1972 Книги
Изтеглен Не е изгубен   Не е повреден без рестрикции заемане за дома 55558 Регионална библиотека "Любен Каравелов" Русе Регионална библиотека "Любен Каравелов" Русе Заемна - подръчен фонд 1972-01-01 Заемна - подръчен фонд 0.00 126716а П 615/К 65 126716а 4 0.00 N: стар фонд Дата: 01.01.1972 Книги
Vip Innovations Ltd, Rousse, Bulgaria 2025